An introduction to social anthropology. (Record no. 26362)

MARC details
000 -LEADER
fixed length control field 01035cam a22002895ic4500
001 - CONTROL NUMBER
control field 6495082
003 - CONTROL NUMBER IDENTIFIER
control field EG-ScBUE
005 - DATE AND TIME OF LATEST TRANSACTION
control field 20260312103248.0
008 - FIXED-LENGTH DATA ELEMENTS--GENERAL INFORMATION
fixed length control field 770202r19631952stka f b 001 0 eng d
040 ## - CATALOGING SOURCE
Original cataloging agency EG-ScBUE
Language of cataloging eng
Description conventions rda
Transcribing agency EG-ScBUE
Modifying agency EG-ScBUE
082 04 - DEWEY DECIMAL CLASSIFICATION NUMBER
Classification number 572
Item number PID
Edition number 22
100 1# - MAIN ENTRY--PERSONAL NAME
Personal name Piddington, Ralph,
Relator term author.
245 13 - TITLE STATEMENT
Title An introduction to social anthropology.
Number of part/section of a work Volume 1 /
Statement of responsibility, etc Ralph Piddington, M.A., Ph.D., professor of anthropology, Auckland University College, University of New Zeland.
246 30 - VARYING FORM OF TITLE
Title proper/short title Social anthropology
250 ## - EDITION STATEMENT
Edition statement Reprint edition.
264 #1 - PUBLICATION, DISTRIBUTION, ETC. (IMPRINT)
Place of publication, distribution, etc Edinburgh :
Name of publisher, distributor, etc Oliver and Boyd,
Date of publication, distribution, etc 1963.
300 ## - PHYSICAL DESCRIPTION
Extent 1 volume (xxvi, 442 pages) :
Other physical details illustrations ;
Dimensions 23 cm
336 ## - CONTENT TYPE
Source rdacontent
Content type term text
Content type code txt
337 ## - MEDIA TYPE
Media type term unmediated
Source rdamedia
Media type code n
338 ## - CARRIER TYPE
Carrier type term volume
Carrier type code nc
Source rdacarrier
500 ## - GENERAL NOTE
General note Reprinted of 1952 edition.
504 ## - BIBLIOGRAPHY, ETC. NOTE
Bibliography, etc Includes bibliographical references and index.
650 #7 - SUBJECT ADDED ENTRY--TOPICAL TERM
Topical term or geographic name as entry element Anthropology.
Source of heading or term BUEsh
653 ## - INDEX TERM--UNCONTROLLED
Resource For college Generalities
-- Humanities: Psychology
Arrived date list March2018
655 ## - INDEX TERM--GENRE/FORM
Form subdivision Reading book
942 ## - ADDED ENTRY ELEMENTS (KOHA)
Source of classification or shelving scheme Dewey Decimal Classification
Koha item type Book - Borrowing
Holdings
Withdrawn status Lost status Source of classification or shelving scheme Damaged status Not for loan Home library Current library Shelving location Date acquired Total Checkouts Full call number Barcode Date last seen Price effective from Koha item type Public note
    Dewey Decimal Classification     Central Library Central Library First floor 20/03/2018   572 PID 000047463 15/07/2025 20/03/2018 Book - Borrowing v. 1